Представление документа в формате MARC21

Поле Инд. ПП Название Значение
Тип записи a
Библиографический уровень m
001 Контрольный номер RU\USATU\books\237849
005 Дата корректировки 20140703200215.9
008 Кодируемые данные 101005s2010 RU a g j 001 1 rus u
020 a ISBN 978-5-8114-1025-5
040 a Служба первич. каталог. НБ ТвГУ
c Служба, преобразующая запись USATU
041 a Код языка текста rus
044 a Код страны публикации RU
080 a Индекс УДК 519.83(075.8)
084 a Индекс другой классификации/Индекс ББК В183.2я73-1
090 a Полочн. индекс В183.2
x Авторский знак М 13
100 1_ a Автор Мазалов Владимир Викторович
q Полное имя Мазалов В. В.
245 10 a Заглавие Математическая теория игр и приложения
b Продолж. заглавия учебное пособие
260 a Место издания Санкт-Петербург
a Место издания Москва
a Место издания Краснодар
b Издательство ЛАНЬ
c Дата издания 2010
300 a Объем 448 с.
b Иллюстрации/ тип воспроизводства ил.
c Размеры 21 см
440 _0 a Серия Учебники для вузов
440 _0 a Серия Специальная литература
500 a Примечание ОГЛАВЛЕНИЕ кликните на URL->>
504 a Библиография Библиогр.: с. 431-438 (82 назв.)
504 a Библиография Предм. указ.: с. 439-442
520 a Аннотация Книга представляет собой учебное пособие по теории игр. Кроме традиционных разделов теории игр, таких как: конечные и бесконечные антагонистические игры, бескоалиционные и кооперативные игры, многошаговые игры, здесь представлены новые направления, еще не освещавшиеся в отечественной учебной литературе, такие как: модели переговоров, потенциальные игры, салонные игры, игры наилучшего выбора и сетевые игры. От читателя требуется знание основ математического анализа, алгебры и теории вероятностей. В конце каждой главы приведены упражнения, которые могут быть использованы для усвоения материала. Книга предназначена для студентов специальностей «Прикладная математика и информатика». Кроме того, она представляет интерес для математиков, работающих в области теории игр, а также специалистов в области экономики, управления и исследования операций.
653 a Ключевые слова Бескоалиционные игры
a Ключевые слова Динамические игры
a Ключевые слова Дуополия
a Ключевые слова Игры двух лиц
a Ключевые слова Игры с нулевой суммой
a Ключевые слова Игры с оптимальной остановкой
a Ключевые слова Исследование операций
a Ключевые слова Кооперативные игры
a Ключевые слова Математика
a Ключевые слова Математическая кибернетика
a Ключевые слова Модели переговоров
a Ключевые слова Переговоры (мат.)
a Ключевые слова Сетевые игры
a Ключевые слова Солонные игры
a Ключевые слова Теория игр
a Ключевые слова Учебники для вузов
901 t Тип документа m
920 a Оператор Хохл
930 a Новая/Ретро учебники
952 c Вид литературы К ру
954 a Дата поступления на обработку 20111117